000 00371nam a2200145Ia 4500
008 230917s9999||||xx |||||||||||||| ||und||
040 _e28015
_aMAIN
041 _aEnglish
082 _a294.1 A37N
100 _aAshtikar, Madhukar
245 0 _aNon-conventional sources of energy in the Vedas
260 _aDelhi
_bNag Publishers
_c1995
300 _a42 p.
942 _cBK
999 _c99935
_d99935